000 01402nam a2200217Ia 4500
003 Ost
005 20260507075321.0
008 260507s9999||||xx |||||||||||||| ||und||
040 _cfsecg
041 _aara
082 _a658.3
100 _aزويلف، مهدي حسن
_eمؤلف
245 0 _aإدارة الأفراد /
_c مهدي حسن زويلف
260 _aعمان:
_bمكتبة المجتمع العربي,
_c2010
300 _a310 صفحة؛
_bإيضاحات ؛
_c25 سم
520 _aمفهوم إدارة الافراد تطورها ووظائفها و أهدافها و علاقتها بالادارات الاخرى، تحليل و توصيف العمل، تخطيط القوى العاملة، مصادر الحصول على الموارد البشرية، الاختيار و التعيين و تكييف العاملين، أساسيات في التدريب و تحديد الحاجات التدريبية، طرق التدريب و تقيمه، نظم الاجور و الرواتب، الحوافز و الدوافع، تقييم أداء العاملين، إنضباط الأفراد، السلامة العمالية، التشريعات العمالية و التجربة الأردنية و أخيرا العلاقات الصناعية
653 _aإدارة الأفراد
653 _aالإدارة
653 _aالقوى العاملة
942 _cكتاب
999 _c43929
_d43929